| 000 | 01261cam a22002174a 4500 | ||
|---|---|---|---|
| 005 | 20250605164230.0 | ||
| 008 | 250528s ||||||||||||||||||||||||d | ||
| 035 | _a20938 | ||
| 020 | _a9780702047312 | ||
| 040 |
_aGR-AtMCL _bgre _dGR-AtMCL _eAACR2 |
||
| 245 | 1 | _aCardiorespiratory Physiotherapy / Adults and Paediatrics | |
| 250 | _a5th | ||
| 260 |
_bElsevier, _c2016 |
||
| 300 | _a794 | ||
| 520 | _aThis book provides comprehensive evidence based coverage of all the main aspects of respiratory and cardiac physiotherapy throughout the whole lifespan. Foreword, Preface, Acknowledgements, Anatomy and Physiology of the Respiratory and Cardiac Systems, Clinical Assessment, Thoracic Imaging, Cardiac and Cardiovascular Diseases, Respiratory Diseases, Outcome Measurement in Cardiorespiratory Physiotherapy Practice, Physiotherapy Interventions, Optimizing Engagement and Adherence with Therapeutic Interventions, Adult Intensive Care, Paediatric Intensive Care, Upper Abdominal and Cardiothoracic Surgery for Adults, Physical Activity and Rehabilitation, Cardiorespiratory Management of Special Populations, Appendix, Index. | ||
| 700 | 1 |
_aDenehy Linda _96925 |
|
| 700 | 1 |
_aMain Eleanor _96926 |
|
| 942 | _cBK | ||
| 999 |
_c6015 _d6015 |
||